000
00245nam a2200085Ia 4500
008
170620s9999 xx 000 0 und d
100
_a
Rao- Digumarti Bhaskara
245
0
_a
Adult Learning in the 21st Century
260
_b
New Delhi- Discovery Publishing House
260
_c
2006
999
_c
24289
_d
24289